National Anthem of Ireland - "The Soldier's Song" - Statistics

General Stats
  • This quiz has been taken 27 times
  • The average score is 40 of 58
Answer Stats
Answer % Correct
are
95%
lives
95%
we,
95%
whose
95%
Soldiers
89%
a
84%
are
84%
Ireland,
84%
pledged
84%
the
84%
to
84%
beyond
79%
come
79%
from
79%
have
79%
land
79%
some
79%
be
74%
free,
74%
sworn
74%
to
74%
wave,
74%
a
68%
soldier's
68%
song.
68%
we
68%
and
63%
cause,
63%
come
63%
in
63%
more
63%
no
63%
or
63%
sing
63%
the
63%
the
63%
the
63%
Tonight
63%
we'll
63%
woe
63%
ancient
58%
cannons'
58%
despot
58%
Erin's
58%
man
58%
'mid
58%
or
58%
our
58%
rifles'
58%
roar
58%
shall
58%
shelter
58%
sireland,
58%
peal,
53%
slave.
53%
weal,
53%
bearna
47%
bhaoil,
37%
No matching quizzes found
Score Distribution
Percent of People with Each Score
Percentile by Number Answered
Your Score History
You have not taken this quiz